[Event "Montcalm-ch"]
[Site "Quebec CAN"]
[Date "1999.05.06"]
[Round "2"]
[White "Auger, Bertrand"]
[Black "Marquis, Paul"]
[Result "1-0"]
[WhiteElo "2094"]
[BlackElo "1941"]
[PlyCount "51"]
[GameId "2160767911805163"]
[EventDate "1999.04.29"]
[EventType "swiss"]
[EventRounds "5"]
[EventCountry "CAN"]

1. b4 Nf6 2. Bb2 e6 3. b5 b6 4. Nf3 Bb7 5. e3 Be7 6. c4 O-O 7. Nc3 d6 8. Be2 Nbd7 9. d4 Ne4 10. O-O f5 11. Nd2 Nxd2 12. Qxd2 g5 13. f3 Qe8 14. Bd3 Qh5 15. Ne2 Rf6 16. Ng3 Qf7 17. Qc2 Rf8 18. a4 h5 19. a5 h4 20. Ne2 e5 21. Nc3 Qg6 22. axb6 axb6 23. Ra7 Rb8 24. Rxb7 Rxb7 25. Nd5 Rf7 26. Bxf5 1-0

[Event "Montcalm-ch"]
[Site "Quebec CAN"]
[Date "1999.05.06"]
[Round "2"]
[White "Pescarus, Radu"]
[Black "Caire, Francois"]
[Result "1/2-1/2"]
[WhiteElo "2093"]
[BlackElo "1913"]
[PlyCount "112"]
[GameId "2160767911805164"]
[EventDate "1999.04.29"]
[EventType "swiss"]
[EventRounds "5"]
[EventCountry "CAN"]

1. d4 Nf6 2. Nf3 b6 3. e3 Bb7 4. Nbd2 e6 5. Bd3 d5 6. O-O Bd6 7. c3 Nbd7 8. Re1 Ne4 9. Qc2 f5 10. Nf1 O-O 11. Bd2 Rf6 12. c4 Rg6 13. Re2 dxc4 14. Qxc4 Ng5 15. Nxg5 Qxg5 16. Ng3 Qh4 17. e4 fxe4 18. Bxe4 Bxe4 19. Rxe4 Qf6 20. Rae1 Nf8 21. Bc3 Qf7 22. Bb4 Bxb4 23. Qxb4 Rf6 24. R4e2 Rf4 25. Ne4 Rd8 26. Qc4 Qd7 27. Ng5 Rxd4 28. Qb3 Kh8 29. Nxe6 Nxe6 30. Rxe6 Rd1 31. h3 h6 32. Kh2 Rxe1 33. Rxe1 Qd2 34. Qe3 Qxe3 35. Rxe3 Rd2 36. Re8+ Kh7 37. f4 Rxb2 38. Re7 Rxa2 39. Rxc7 a5 40. Rb7 Rb2 41. f5 Kg8 42. Kg3 b5 43. Kh4 b4 44. g4 Rb3 45. Kh5 Rxh3+ 46. Kg6 Kf8 47. Rb8+ Ke7 48. Kxg7 Rg3 49. f6+ Ke6 50. Re8+ Kd5 51. Kxh6 Rxg4 52. Kh5 Rf4 53. Kg5 Rf1 54. Ra8 b3 55. Rxa5+ Kc4 56. Ra4+ Kc3 1/2-1/2

[Event "Montcalm-ch"]
[Site "Quebec CAN"]
[Date "1999.05.13"]
[Round "3"]
[White "Caire, Francois"]
[Black "Auger, Bertrand"]
[Result "1-0"]
[WhiteElo "1913"]
[BlackElo "2094"]
[PlyCount "69"]
[GameId "2160767911805165"]
[EventDate "1999.04.29"]
[EventType "swiss"]
[EventRounds "5"]
[EventCountry "CAN"]

1. d4 e6 2. c4 Nf6 3. Nc3 Bb4 4. f3 O-O 5. e4 d6 6. Bd3 e5 7. a3 Bxc3+ 8. bxc3 Re8 9. Ne2 Nbd7 10. O-O Nf8 11. Qc2 h6 12. f4 Ng6 13. Bd2 Qe7 14. Rae1 Bd7 15. c5 b6 16. cxd6 cxd6 17. Ng3 Ng4 18. h3 Nf6 19. Nf5 Qf8 20. fxe5 dxe5 21. Nxh6+ gxh6 22. Rxf6 Qg7 23. Ref1 Nf4 24. Bxf4 Qxf6 25. Bxe5 Qh4 26. Bf6 Qg3 27. Rf3 Qe1+ 28. Kh2 Rac8 29. d5 b5 30. Rg3+ Kf8 31. Qb2 Rxe4 32. Bxe4 Qxe4 33. Qd2 Bf5 34. Qxh6+ Ke8 35. Re3 1-0

[Event "Montcalm-ch"]
[Site "Quebec CAN"]
[Date "1999.05.13"]
[Round "3"]
[White "Lafreniere, Francois"]
[Black "Sauve, Richard"]
[Result "1-0"]
[WhiteElo "1696"]
[BlackElo "1971"]
[PlyCount "47"]
[GameId "2160767911805166"]
[EventDate "1999.04.29"]
[EventType "swiss"]
[EventRounds "5"]
[EventCountry "CAN"]
[SourceTitle "Echec+ 1999.09"]

1. e4 c5 2. Nf3 d6 3. d4 cxd4 4. Nxd4 Nf6 5. Nc3 a6 6. Bg5 e6 7. f4 Be7 8. Qf3 Qc7 9. O-O-O Nbd7 10. g4 b5 11. Bxf6 Nxf6 12. g5 Nd7 13. f5 Nc5 14. f6 gxf6 15. gxf6 Bf8 16. Rg1 Bd7 17. Rg7 Bxg7 18. fxg7 Rg8 19. Bxb5 axb5 20. Ndxb5 Bxb5 21. Nxb5 Qc6 22. Nxd6+ Kd8 23. Qxf7 Rxg7 24. Nb7+ 1-0

[Event "Montcalm-ch"]
[Site "Quebec CAN"]
[Date "1999.05.20"]
[Round "4"]
[White "Caire, Francois"]
[Black "Marquis, Paul"]
[Result "1-0"]
[WhiteElo "1913"]
[BlackElo "1941"]
[PlyCount "60"]
[GameId "2160767911805167"]
[EventDate "1999.04.29"]
[EventType "swiss"]
[EventRounds "5"]
[EventCountry "CAN"]

1. e4 c5 2. Nc3 Nc6 3. g3 g6 4. Bg2 Bg7 5. f4 e6 6. Nf3 Nge7 7. O-O O-O 8. d3 d5 9. e5 b6 10. Ne2 Ba6 11. Be3 f6 12. exf6 Bxf6 13. c3 Qd6 14. Bf2 e5 15. Re1 Rae8 16. Qd2 Nf5 17. g4 Nfe7 18. Bg3 Bc8 19. h3 exf4 20. Nxf4 Ne5 21. Nh5 gxh5 22. Bxe5 Bxe5 23. Rxe5 hxg4 24. hxg4 Ng6 25. Rxe8 Rxe8 26. Qh6 Bxg4 27. Ng5 Re7 28. Rf1 Qe5 29. Qh2 Qxg5 30. Qb8+ Kg7 1-0

[Event "Montcalm-ch"]
[Site "Quebec CAN"]
[Date "1999.05.27"]
[Round "5"]
[White "Caire, Francois"]
[Black "L'Heureux, Clement"]
[Result "1-0"]
[WhiteElo "1913"]
[BlackElo "1860"]
[PlyCount "118"]
[GameId "2160767911805168"]
[EventDate "1999.04.29"]
[EventType "swiss"]
[EventRounds "5"]
[EventCountry "CAN"]

1. d4 Nf6 2. c4 c5 3. d5 e6 4. Nc3 exd5 5. cxd5 d6 6. e4 g6 7. Nf3 Bg7 8. Be2 O-O 9. O-O a6 10. a4 Re8 11. Nd2 b6 12. Qc2 Nbd7 13. Nc4 Qe7 14. f3 Rb8 15. Bf4 Ne5 16. Nxe5 dxe5 17. Be3 Nh5 18. Bd3 Nf4 19. Bxf4 exf4 20. Ne2 Qd6 21. Rac1 Bb7 22. Qd2 Be5 23. Rc2 Re7 24. Rfc1 g5 25. a5 Rc7 26. axb6 Qxb6 27. Kh1 Kg7 28. g3 c4 29. Bxc4 Qf2 30. Rc3 h6 31. Rd3 Bc8 32. b3 Rxc4 33. bxc4 Bh3 34. Nxf4 Qxd2 35. Nh5+ Kg6 36. Rxd2 Kxh5 37. c5 Rb3 38. d6 a5 39. d7 Bxd7 40. Rxd7 a4 41. c6 a3 42. c7 Bxc7 43. Rdxc7 a2 44. Ra1 Rb1+ 45. Rc1 Rb2 46. f4 Kg6 47. Rf1 g4 48. Rae1 h5 49. f5+ Kf6 50. e5+ Ke7 51. e6 f6 52. Rd1 Ke8 53. Kg1 Ke7 54. Rfe1 Rb5 55. Rd7+ Ke8 56. e7 Re5 57. Rd8+ Kf7 58. e8=Q+ Rxe8 59. Rdxe8 a1=Q 1-0

[Event "Montcalm-ch"]
[Site "Quebec CAN"]
[Date "1999.05.27"]
[Round "5"]
[White "Pescarus, Radu"]
[Black "Auger, Bertrand"]
[Result "0-1"]
[WhiteElo "2093"]
[BlackElo "2094"]
[PlyCount "58"]
[GameId "2160767911805169"]
[EventDate "1999.04.29"]
[EventType "swiss"]
[EventRounds "5"]
[EventCountry "CAN"]

1. e4 e6 2. d4 d5 3. Nd2 Nf6 4. e5 Nfd7 5. Bd3 c5 6. c3 Nc6 7. Ne2 cxd4 8. cxd4 f6 9. Nf4 Nxd4 10. Qh5+ Ke7 11. Ng6+ hxg6 12. exf6+ Nxf6 13. Qxh8 Kf7 14. O-O e5 15. Re1 e4 16. Bb1 Nh5 17. Nf1 Qh4 18. Ng3 Bf5 19. Be3 Ne6 20. Nxf5 gxf5 21. Qh7 Kf6 22. Bc2 f4 23. Bd2 Bc5 24. Bc3+ Ke7 25. Rf1 f3 26. Qg6 Bd6 27. h3 Nhf4 28. Qg4 Qxg4 29. hxg4 Ne2+ 0-1

[Event "Montreal op"]
[Site "Montreal CAN"]
[Date "1999.09.04"]
[Round "1"]
[White "Lalonde, Paul"]
[Black "Hua, Lefong"]
[Result "0-1"]
[WhiteElo "2014"]
[BlackElo "2318"]
[PlyCount "124"]
[GameId "2160767911742256"]
[EventDate "1999.09.04"]
[EventType "swiss"]
[EventRounds "5"]
[EventCountry "CAN"]

1. e4 c5 2. Nf3 e6 3. d4 cxd4 4. Nxd4 a6 5. Bd3 Nf6 6. O-O Qc7 7. Be3 Bc5 8. Nc3 O-O 9. Qe2 d6 10. Rad1 b5 11. a3 Bb7 12. Nf3 Bxa3 13. Nxb5 axb5 14. bxa3 Rxa3 15. Bg5 Nbd7 16. Nd4 Ra2 17. Nxb5 Qc6 18. Nd4 Qc3 19. Nb5 Qe5 20. Be3 Bxe4 21. Bd4 Bxd3 22. Qxd3 Qe4 23. Nxd6 Qxd3 24. cxd3 Nd5 25. f4 Rd8 26. Nc4 Nb8 27. f5 Nc6 28. Ba1 e5 29. Rf2 Rxf2 30. Kxf2 f6 31. d4 Nde7 32. g4 Nxd4 33. Bxd4 exd4 34. Kf3 Nc6 35. Re1 d3 36. Rd1 Rd4 37. Nb2 Ne5+ 38. Ke3 Rxg4 39. Nxd3 Nxd3 40. Rxd3 h5 41. Kf3 Kh7 42. h3 Ra4 43. Kg3 Kh6 44. Rb3 Kg5 45. Rb7 Ra3+ 46. Kg2 Kh6 47. Rb8 Ra5 48. Rh8+ Kg5 49. Rg8 Ra7 50. Rh8 Ra2+ 51. Kf3 Ra3+ 52. Kg2 Kh4 53. Rh7 Rg3+ 54. Kf2 Rg5 55. Ke3 Kxh3 56. Ke4 Kg4 57. Rh8 Rxf5 58. Rh7 Re5+ 59. Kd4 Rg5 60. Ke4 h4 61. Rh8 h3 62. Rh7 Kg3 0-1

[Event "Montreal op"]
[Site "Montreal CAN"]
[Date "1999.09.04"]
[Round "1"]
[White "Leveille, Francois"]
[Black "Caceres Cortes, Julio"]
[Result "1-0"]
[WhiteElo "2330"]
[BlackElo "1967"]
[PlyCount "73"]
[GameId "2160767911742257"]
[EventDate "1999.09.04"]
[EventType "swiss"]
[EventRounds "5"]
[EventCountry "CAN"]

1. d4 d5 2. c4 c6 3. Nf3 Nf6 4. Qc2 e6 5. g3 Nbd7 6. Bg2 Bb4+ 7. Nbd2 a5 8. O-O O-O 9. e4 Nxe4 10. Nxe4 dxe4 11. Qxe4 Nf6 12. Qe2 a4 13. Be3 Bd6 14. Rad1 Qa5 15. Bg5 Qf5 16. Bc1 Bd7 17. Ne5 h5 18. h3 Rfd8 19. Rd3 Be8 20. g4 Qh7 21. Rfd1 Bxe5 22. dxe5 Rxd3 23. Rxd3 Nd7 24. Bf4 Nc5 25. Rd1 hxg4 26. hxg4 Qg6 27. Bg3 Qg5 28. f4 Qe7 29. Qd2 Qc7 30. Bf2 Nd7 31. Qb4 g5 32. Qe7 gxf4 33. Qg5+ Kf8 34. Qh6+ Kg8 35. Qg5+ Kf8 36. Rxd7 Qxd7 37. Bc5+ 1-0

[Event "Montreal op"]
[Site "Montreal CAN"]
[Date "1999.09.04"]
[Round "1"]
[White "Lezaic, Jovan"]
[Black "Hebert, Jean"]
[Result "0-1"]
[WhiteElo "2002"]
[BlackElo "2475"]
[PlyCount "112"]
[GameId "2160767911742258"]
[EventDate "1999.09.04"]
[EventType "swiss"]
[EventRounds "5"]
[EventCountry "CAN"]

1. d4 Nf6 2. c4 e6 3. Nc3 Bb4 4. Nf3 c5 5. g3 Nc6 6. Bg2 d5 7. O-O dxc4 8. Qa4 Qa5 9. Qxa5 Bxa5 10. dxc5 O-O 11. Na4 Bd7 12. Bd2 Rac8 13. Rac1 Ne4 14. Be3 Nb4 15. a3 Nd5 16. Rxc4 Nd6 17. Rcc1 Nxe3 18. fxe3 Nf5 19. Nc3 Nxe3 20. Rfe1 Rfd8 21. b4 Bc7 22. Nd4 Be5 23. Nf3 Bb8 24. Nd1 Nxg2 25. Kxg2 b6 26. Nb2 bxc5 27. bxc5 Bb5 28. Rc2 Kf8 29. Rec1 Bc6 30. Kf2 f6 31. Rd2 Rxd2 32. Nxd2 Ke7 33. Ke3 g5 34. Ndc4 h5 35. Na5 Bd5 36. Nd3 Bc7 37. Nc4 Rh8 38. Kd4 h4 39. Ne3 Ba8 40. Rg1 hxg3 41. hxg3 Rh2 42. Nc1 Bc6 43. Nf1 Rh8 44. Nd3 Bb5 45. Nd2 f5 46. Nf3 g4 47. Nfe5 Kf6 48. c6 Bb6+ 49. Nc5 Rd8+ 50. Ned7+ Ke7 51. Kc3 Rxd7 52. cxd7 Bxc5 53. Rd1 Bxd7 54. Kb3 Bf2 55. Rd3 f4 56. gxf4 g3 0-1

[Event "Montreal op"]
[Site "Montreal CAN"]
[Date "1999.09.04"]
[Round "1"]
[White "Mikanovic, Goran"]
[Black "Fortin, Marc"]
[Result "1-0"]
[WhiteElo "2361"]
[BlackElo "2046"]
[PlyCount "85"]
[GameId "2160767911742259"]
[EventDate "1999.09.04"]
[EventType "swiss"]
[EventRounds "5"]
[EventCountry "CAN"]

1. d4 d5 2. c4 e6 3. Nc3 Nf6 4. Bg5 Be7 5. e3 O-O 6. Nf3 h6 7. Bh4 b6 8. Bd3 c5 9. cxd5 Nxd5 10. Bxe7 Qxe7 11. Nxd5 exd5 12. O-O Bg4 13. dxc5 bxc5 14. h3 Be6 15. Rc1 Nd7 16. Qa4 Qf6 17. b3 Nb6 18. Qh4 Qxh4 19. Nxh4 Rac8 20. Ba6 Rc7 21. Nf3 Rd8 22. Rc3 Rd6 23. Bb5 c4 24. Rd1 a6 25. Bxa6 Na4 26. Rxc4 dxc4 27. Rxd6 cxb3 28. axb3 Bxb3 29. Nd4 Bc4 30. Bxc4 Rxc4 31. Rc6 Rb4 32. Rc8+ Kh7 33. Rc7 Kg8 34. Nf5 Rb6 35. g4 Nb2 36. Ne7+ Kh7 37. Nd5 Rd6 38. e4 f6 39. Ne3 Rd8 40. Nf5 Rg8 41. Kg2 Nd3 42. Kg3 Ne5 43. h4 1-0

[Event "Montreal op"]
[Site "Montreal CAN"]
[Date "1999.09.04"]
[Round "1"]
[White "Rosen, Matthew"]
[Black "Gravel, Simon M"]
[Result "0-1"]
[WhiteElo "2341"]
[BlackElo "2025"]
[PlyCount "88"]
[GameId "2160767911742260"]
[EventDate "1999.09.04"]
[EventType "swiss"]
[EventRounds "5"]
[EventCountry "CAN"]

1. e4 e5 2. Nf3 Nc6 3. d4 exd4 4. Nxd4 Nf6 5. Nxc6 bxc6 6. e5 Ne4 7. Bd3 Nc5 8. Bc4 d5 9. exd6 cxd6 10. O-O d5 11. Re1+ Be7 12. Bf1 O-O 13. Qh5 Bf6 14. Nd2 g6 15. Qf3 Bf5 16. Bd3 Nxd3 17. cxd3 a5 18. Nf1 h5 19. h3 a4 20. Ng3 Be6 21. Nxh5 gxh5 22. Qxh5 d4 23. Bh6 Re8 24. Re5 Bd7 25. Rg5+ Bxg5 26. Bxg5 Ra5 27. h4 Rxg5 28. hxg5 Bf5 29. Rc1 Qd5 30. Qd1 Qxa2 31. Rxc6 Qxb2 32. Rf6 Qc3 33. Kh2 Qxd3 34. Qxa4 Re6 35. Qd7 Rxf6 36. Qd8+ Kh7 37. Qxf6 Bg6 38. f4 Qe4 39. g4 Qe6 40. Qxd4 Qxg4 41. Qf6 Qf5 42. Qd6 Qc2+ 43. Kg1 Qd3 44. Qf6 Qg3+ 0-1

[Event "Montreal op"]
[Site "Montreal CAN"]
[Date "1999.09.04"]
[Round "2"]
[White "Bachand-Fleurent, Julien"]
[Black "Reeve, Jeff"]
[Result "0-1"]
[WhiteElo "1873"]
[BlackElo "2267"]
[PlyCount "52"]
[GameId "2160767911742261"]
[EventDate "1999.09.04"]
[EventType "swiss"]
[EventRounds "5"]
[EventCountry "CAN"]

1. e4 c5 2. Nc3 Nc6 3. g3 g6 4. Bg2 Bg7 5. d3 d6 6. f4 e6 7. Nge2 Nge7 8. O-O O-O 9. g4 f5 10. gxf5 exf5 11. Ng3 Kh8 12. Kh1 Be6 13. Nce2 Qd7 14. c3 Rae8 15. Qc2 b6 16. Be3 fxe4 17. dxe4 Bh3 18. Rad1 Bxg2+ 19. Kxg2 Qe6 20. b3 d5 21. e5 Rd8 22. a3 a5 23. Qb2 h5 24. Rf3 h4 25. Nf1 Qg4+ 26. Kf2 Nxe5 0-1

[Event "Montreal op"]
[Site "Montreal CAN"]
[Date "1999.09.04"]
[Round "2"]
[White "Delebarre, Xavier"]
[Black "Beaulieu, Pierre"]
[Result "1/2-1/2"]
[WhiteElo "2287"]
[BlackElo "2193"]
[PlyCount "132"]
[GameId "2160767911742262"]
[EventDate "1999.09.04"]
[EventType "swiss"]
[EventRounds "5"]
[EventCountry "CAN"]

1. h3 Nf6 2. g4 d5 3. Bg2 e5 4. c4 Bc5 5. Nc3 d4 6. Ne4 Nxe4 7. Bxe4 c6 8. Nf3 h5 9. g5 Qc7 10. a3 a5 11. d3 Be6 12. Bd2 a4 13. Bb4 Nd7 14. Qd2 Ra6 15. g6 f6 16. Nh4 Qd6 17. Nf5 Bxf5 18. Bxf5 Rb6 19. Ba5 Rb3 20. Qc2 Nf8 21. Bd2 Ne6 22. h4 Ke7 23. Rg1 Nf4 24. Rg3 Ra8 25. Kf1 Ra6 26. Rd1 Ne6 27. Bc1 b5 28. cxb5 cxb5 29. Bd2 Rc6 30. Bxe6 Kxe6 31. Rc1 Qd5 32. f3 Kd7 33. Kf2 b4 34. axb4 Bxb4 35. Qxc6+ Qxc6 36. Rxc6 Kxc6 37. Bc1 Be7 38. Rg1 Kd5 39. Ke1 Ke6 40. Kd1 f5 41. Kc2 Bxh4 42. Rh1 Bf6 43. Rxh5 Rb8 44. Rh1 Be7 45. Bd2 Bb4 46. Bxb4 Rxb4 47. Rh8 Kf6 48. Re8 Kxg6 49. Rxe5 Kg5 50. Re6 Kf4 51. Rg6 Ke3 52. Re6+ Kf4 53. Rg6 Ke3 54. Re6+ Kf2 55. f4 Kg3 56. Rg6+ Kxf4 57. Rxg7 Ke3 58. Re7+ Kf2 59. Re5 f4 60. Re4 Ke1 61. Kc1 Kf2 62. Kc2 Ke1 63. Rxf4 Kxe2 64. Re4+ Kf3 65. Re8 Rb7 66. Re6 Rb3 1/2-1/2

[Event "Montreal op"]
[Site "Montreal CAN"]
[Date "1999.09.04"]
[Round "2"]
[White "Goldenberg, Danny"]
[Black "Mikanovic, Goran"]
[Result "1-0"]
[WhiteElo "2197"]
[BlackElo "2361"]
[PlyCount "85"]
[GameId "2160767911742263"]
[EventDate "1999.09.04"]
[EventType "swiss"]
[EventRounds "5"]
[EventCountry "CAN"]

1. e4 c5 2. Nf3 e6 3. d4 cxd4 4. Nxd4 a6 5. Bd3 Nf6 6. O-O d6 7. Nc3 b5 8. a3 Bb7 9. Kh1 Nbd7 10. Be3 Be7 11. Qe2 O-O 12. f4 Rc8 13. Rae1 Qc7 14. Bg1 Qb8 15. Rf3 Nc5 16. Rg3 Nxd3 17. cxd3 Rfd8 18. Nc2 Ba8 19. d4 Rxc3 20. Rxc3 Bxe4 21. Nb4 Qa8 22. Rec1 Re8 23. Nc6 Bf8 24. Bf2 Bd5 25. Bh4 Ne4 26. R3c2 f5 27. Nb4 Bc4 28. Qf3 a5 29. Nd3 Bd5 30. Rc7 Nf6 31. Qe2 Be7 32. Ne1 Qb8 33. Nf3 h6 34. h3 Ne4 35. Qe1 Bxh4 36. Qxh4 a4 37. Re7 Bc4 38. d5 exd5 39. Nd4 Rf8 40. Kh2 Rf6 41. Qh5 Kf8 42. Rd7 Qc8 43. Ne6+ 1-0

[Event "Montreal op"]
[Site "Montreal CAN"]
[Date "1999.09.04"]
[Round "2"]
[White "Gravel, Simon M"]
[Black "Prahov, Valentin"]
[Result "0-1"]
[WhiteElo "2341"]
[BlackElo "2173"]
[PlyCount "94"]
[GameId "2160767911742264"]
[EventDate "1999.09.04"]
[EventType "swiss"]
[EventRounds "5"]
[EventCountry "CAN"]

1. e4 c5 2. Nf3 Nc6 3. d4 cxd4 4. Nxd4 Nf6 5. Nc3 e6 6. Nxc6 bxc6 7. e5 Nd5 8. Ne4 f5 9. exf6 Nxf6 10. Nd6+ Bxd6 11. Qxd6 Qb6 12. Bd3 c5 13. Bf4 Bb7 14. O-O Rc8 15. c4 Qxd6 16. Bxd6 Rc6 17. Be5 O-O 18. Rad1 d5 19. Rfe1 Rb6 20. b3 d4 21. Re2 Bc8 22. f3 Bd7 23. h3 Rc8 24. Bc2 a5 25. a3 Be8 26. Rde1 Rcc6 27. f4 Bg6 28. Bxg6 hxg6 29. Rb2 Nd7 30. Kf2 Nxe5 31. fxe5 a4 32. Reb1 Rxb3 33. Rxb3 axb3 34. Rxb3 Ra6 35. Rb5 Rxa3 36. Rxc5 Rc3 37. Rc8+ Kh7 38. h4 g5 39. hxg5 Kg6 40. Rc7 Kxg5 41. Rxg7+ Kf4 42. g4 Rc2+ 43. Ke1 Ke3 44. Kd1 Rh2 45. Rd7 d3 46. Kc1 Rh1+ 47. Kb2 d2 0-1

[Event "Montreal op"]
[Site "Montreal CAN"]
[Date "1999.09.04"]
[Round "2"]
[White "Hua, Lefong"]
[Black "Moss, Laurent"]
[Result "1-0"]
[WhiteElo "2318"]
[BlackElo "2099"]
[PlyCount "65"]
[GameId "2160767911742265"]
[EventDate "1999.09.04"]
[EventType "swiss"]
[EventRounds "5"]
[EventCountry "CAN"]

1. c4 e5 2. a3 c6 3. d4 exd4 4. Qxd4 d5 5. Nc3 Nf6 6. Bg5 Be7 7. cxd5 cxd5 8. e3 Nc6 9. Qd3 O-O 10. Nf3 Be6 11. Be2 Qd7 12. O-O h6 13. Bh4 g5 14. Bg3 Bd6 15. Bxd6 Qxd6 16. Rfd1 Rad8 17. Nb5 Qb8 18. Nbd4 Ne5 19. Qb3 Neg4 20. Nxe6 fxe6 21. h3 Ne5 22. Nd4 Rde8 23. f3 Nc6 24. Qc2 Qd6 25. Qg6+ Kh8 26. Qxh6+ Kg8 27. Qxg5+ Kf7 28. Nxc6 bxc6 29. f4 Rh8 30. Rf1 Rxh3 31. Qe5 Qxe5 32. fxe5 Rxe3 33. Bh5+ 1-0

[Event "Montreal op"]
[Site "Montreal CAN"]
[Date "1999.09.04"]
[Round "2"]
[White "Larochelle, Martial"]
[Black "Lafleche, Alain"]
[Result "1-0"]
[WhiteElo "2209"]
[BlackElo "1659"]
[PlyCount "89"]
[GameId "2160767911742266"]
[EventDate "1999.09.04"]
[EventType "swiss"]
[EventRounds "5"]
[EventCountry "CAN"]

1. e4 e5 2. f4 d5 3. exd5 e4 4. d3 exd3 5. Qxd3 Nf6 6. Nc3 Bd6 7. Be3 O-O 8. O-O-O Nbd7 9. Nf3 a6 10. g3 b5 11. Bg2 Bb7 12. Ng5 h6 13. Nge4 Nxe4 14. Nxe4 Re8 15. Rhe1 Bf8 16. g4 Qh4 17. h3 Bc5 18. Bd2 Bf2 19. Nxf2 Qxf2 20. Qf3 Qxf3 21. Bxf3 Nb6 22. Rxe8+ Rxe8 23. Ba5 Nd7 24. Bxc7 Re3 25. Bg2 Rg3 26. Rd2 Re3 27. Kd1 Re8 28. b3 Rc8 29. d6 Bxg2 30. Rxg2 Re8 31. Re2 Kf8 32. c4 bxc4 33. bxc4 g6 34. Kd2 Re6 35. Rxe6 fxe6 36. Ke3 Ke8 37. Kd4 Nf6 38. Ke5 Kf7 39. c5 Nd7+ 40. Kd4 e5+ 41. Kd5 exf4 42. c6 Nf6+ 43. Ke5 f3 44. Bb6 f2 45. Bxf2 1-0

[Event "Montreal op"]
[Site "Montreal CAN"]
[Date "1999.09.04"]
[Round "2"]
[White "Luksza, Arkadiusz"]
[Black "Leveille, Francois"]
[Result "0-1"]
[WhiteElo "2118"]
[BlackElo "2330"]
[PlyCount "144"]
[GameId "2160767911742267"]
[EventDate "1999.09.04"]
[EventType "swiss"]
[EventRounds "5"]
[EventCountry "CAN"]

1. d4 d5 2. Bg5 c6 3. e3 h6 4. Bh4 Qb6 5. Qc1 Bf5 6. Nf3 e6 7. c4 Be7 8. Nc3 Nd7 9. Be2 Qd8 10. Bg3 Ngf6 11. Nd2 O-O 12. O-O a6 13. c5 a5 14. Na4 Ne4 15. Nxe4 Bxe4 16. Qc3 Bh4 17. Rac1 Bxg3 18. hxg3 Qg5 19. Bd3 Bxd3 20. Qxd3 Nf6 21. Rfe1 Rae8 22. Nc3 e5 23. dxe5 Ng4 24. Ne2 Qh5 25. Nf4 Qh2+ 26. Kf1 Nxe5 27. Qc3 Ng6 28. Nh3 Qh1+ 29. Ng1 Ne5 30. f3 Re6 31. Kf2 Qh5 32. Ne2 Qg5 33. Nf4 Ree8 34. Rh1 Qe7 35. Rce1 Nd7 36. Nd3 Nf6 37. a3 Ra8 38. Qd4 Rfe8 39. Rh4 Qe6 40. Reh1 Nh7 41. g4 Kf8 42. Rh5 Ng5 43. g3 Qg6 44. Rc1 Nxf3 45. Kxf3 Re4 46. Nf4 Rxd4 47. Nxg6+ fxg6 48. exd4 gxh5 49. gxh5 Re8 50. Rc3 Re4 51. Rb3 Rxd4 52. Rxb7 Rc4 53. b4 Rc3+ 54. Kf4 Rxa3 55. bxa5 Rxa5 56. Kf5 Ra3 57. g4 Rf3+ 58. Kg6 Rf6+ 59. Kh7 Rf7 60. Rb8+ Ke7 61. Rc8 Kd7 62. Ra8 Re7 63. g5 hxg5 64. Ra7+ Ke6 65. Rxe7+ Kxe7 66. Kxg7 g4 67. h6 g3 68. h7 g2 69. h8=Q g1=Q+ 70. Kh7 Qh2+ 71. Kg7 Qxh8+ 72. Kxh8 d4 0-1

[Event "Montreal op"]
[Site "Montreal CAN"]
[Date "1999.09.04"]
[Round "2"]
[White "Soudre, Nicolas"]
[Black "Wenaas, Eric"]
[Result "1/2-1/2"]
[WhiteElo "2107"]
[BlackElo "2288"]
[PlyCount "37"]
[GameId "2160767911742268"]
[EventDate "1999.09.04"]
[EventType "swiss"]
[EventRounds "5"]
[EventCountry "CAN"]

1. e4 e5 2. Nf3 Nc6 3. Nc3 Nf6 4. d4 exd4 5. Nxd4 Bb4 6. Nxc6 bxc6 7. Bd3 d5 8. exd5 cxd5 9. O-O O-O 10. Bg5 Be6 11. Ne2 Bg4 12. f3 Bc5+ 13. Kh1 Bd7 14. c3 h6 15. Bh4 Re8 16. a4 a5 17. Bc2 c6 18. Nd4 Bf8 19. Nf5 1/2-1/2

[Event "Montreal op"]
[Site "Montreal CAN"]
[Date "1999.09.05"]
[Round "3"]
[White "Beaulieu, Pierre"]
[Black "Fillion, Steve"]
[Result "1/2-1/2"]
[WhiteElo "2193"]
[BlackElo "2098"]
[PlyCount "101"]
[GameId "2160767911742269"]
[EventDate "1999.09.04"]
[EventType "swiss"]
[EventRounds "5"]
[EventCountry "CAN"]

1. e4 e6 2. d4 d5 3. e5 c5 4. c3 Nc6 5. Nf3 Bd7 6. Be2 Nge7 7. Na3 cxd4 8. cxd4 Nf5 9. Nc2 Nb4 10. Nxb4 Bxb4+ 11. Bd2 Qb6 12. Bxb4 Qxb4+ 13. Qd2 Qxd2+ 14. Kxd2 Rc8 15. Rhc1 O-O 16. Bd3 Ne7 17. b4 Ng6 18. Ke3 f6 19. Bxg6 hxg6 20. Kd2 Rc4 21. Rxc4 dxc4 22. Re1 Kf7 23. Re3 Bc6 24. Ne1 g5 25. h3 Rd8 26. Kc3 b5 27. f3 f5 28. Re2 Rb8 29. Nc2 Rb6 30. a3 Rb8 31. Ne3 Rb6 32. Rd2 Ra6 33. Ra2 Kg6 34. a4 bxa4 35. Nxc4 Bb5 36. Nd6 Rc6+ 37. Kd2 a6 38. Ra3 Bf1 39. g4 Bxh3 40. gxf5+ Bxf5 41. Rxa4 Rc2+ 42. Ke3 Rc3+ 43. Kf2 Rb3 44. Rxa6 Rxb4 45. Nxf5 Kxf5 46. Rd6 Kf4 47. Rxe6 Rxd4 48. Re7 Rd2+ 49. Ke1 Rd5 50. Rxg7 Rxe5+ 51. Kf2 1/2-1/2

[Event "Montreal op"]
[Site "Montreal CAN"]
[Date "1999.09.05"]
[Round "3"]
[White "Lafleche, Alain"]
[Black "Lezaic, Jovan"]
[Result "1-0"]
[WhiteElo "1659"]
[BlackElo "2053"]
[PlyCount "63"]
[GameId "2160767911742270"]
[EventDate "1999.09.04"]
[EventType "swiss"]
[EventRounds "5"]
[EventCountry "CAN"]

1. e4 c5 2. Nf3 d6 3. d4 cxd4 4. Nxd4 Nf6 5. Nc3 Nc6 6. f3 a6 7. Be3 Qc7 8. Qd2 e6 9. O-O-O Be7 10. g4 b5 11. h4 Bb7 12. a3 Nd7 13. g5 Nxd4 14. Bxd4 e5 15. Be3 Rc8 16. Bh3 Rb8 17. Nd5 Bxd5 18. Qxd5 Rc8 19. Rh2 Qc6 20. Bxd7+ Qxd7 21. f4 f6 22. gxf6 gxf6 23. fxe5 fxe5 24. Bg5 h6 25. Bxe7 Kxe7 26. Rg2 Rh7 27. Rg6 Rc6 28. Rdg1 Rf7 29. Rg7 Rxc2+ 30. Kxc2 Qc8+ 31. Kb1 Rxg7 32. Rxg7+ 1-0

[Event "Montreal op"]
[Site "Montreal CAN"]
[Date "1999.09.05"]
[Round "3"]
[White "Leveille, Francois"]
[Black "Larochelle, Martial"]
[Result "1/2-1/2"]
[WhiteElo "2330"]
[BlackElo "2209"]
[PlyCount "91"]
[GameId "2160767911742271"]
[EventDate "1999.09.04"]
[EventType "swiss"]
[EventRounds "5"]
[EventCountry "CAN"]

1. e4 c5 2. Nf3 d6 3. Bb5+ Nd7 4. d4 Ngf6 5. Nc3 Qa5 6. O-O a6 7. Be2 cxd4 8. Nxd4 e6 9. f4 Be7 10. Kh1 O-O 11. Bf3 Rb8 12. a4 Qc7 13. g4 Rd8 14. g5 Ne8 15. Bg2 b6 16. Qh5 Bf8 17. Qh3 Qc4 18. Be3 Bb7 19. Rad1 Nc5 20. Nde2 Nd7 21. b3 Qc7 22. f5 exf5 23. exf5 Bxg2+ 24. Kxg2 Qc6+ 25. Kg1 d5 26. Nxd5 Ne5 27. c4 b5 28. axb5 axb5 29. Nd4 Qa8 30. Qg3 bxc4 31. Nf4 Qe4 32. g6 cxb3 33. gxf7+ Nxf7 34. Nfe6 Bd6 35. Bf4 Rd7 36. Bxd6 Rxd6 37. Rde1 Qb7 38. Nxg7 Nxg7 39. Ne6 Rxe6 40. fxe6 Qb6+ 41. Kg2 Nd6 42. Rd1 Nde8 43. e7 Qb7+ 44. Kg1 Qb6+ 45. Kh1 Qb7+ 46. Kg1 1/2-1/2

[Event "Montreal op"]
[Site "Montreal CAN"]
[Date "1999.09.05"]
[Round "3"]
[White "Reeve, Jeff"]
[Black "Hebert, Jean"]
[Result "1-0"]
[WhiteElo "2267"]
[BlackElo "2475"]
[PlyCount "39"]
[GameId "2160767911742272"]
[EventDate "1999.09.04"]
[EventType "swiss"]
[EventRounds "5"]
[EventCountry "CAN"]

1. e4 e6 2. d3 d5 3. Qe2 Nf6 4. Nf3 Be7 5. g3 b6 6. e5 Nfd7 7. Bg2 Bb7 8. h4 h6 9. Bf4 c5 10. c4 d4 11. Nbd2 Nc6 12. Ne4 Qb8 13. O-O Ncxe5 14. Nxc5 bxc5 15. Nxe5 Bxg2 16. Nxf7 Bxf1 17. Qxe6 Qb6 18. Nd6+ Kd8 19. Nf7+ Ke8 20. Bd6 1-0